LEADER 01195nam0 2200337 450 001 000022678 005 20090206141858.0 100 $a20090206d1959----km-y0itay50------ba 101 0 $aita 102 $aIT 105 $ay-------001yy 200 1 $aIntroduzione al piano di sviluppo della scuola$fGiuseppe Medici 205 $a2. ed. 210 $aRoma$cIstituto poligrafico dello Stato$d1959 215 $a284 p.$d24 cm 300 $aSul front. Giuseppe Medici Ministro della Pubblica Istruzione. 500 10$aIntroduzione al piano di sviluppo della scuola$945549 610 1 $aItalia$aPolitica scolastica 610 1 $aScuola$aPiani di sviluppo 610 1 $aIstruzione pubblica$aItalia 610 1 $aScuola$aItalia$aPiani di sviluppo 610 1 $aScuola$aRiforma$aItalia 676 $a371$v16$9Didattica, scuole 676 $a379.45$v20$9Educazione e stato. Italia 700 1$aMedici,$bGiuseppe$f<1907-2000>$03599 712 02$aItalia :$bMinistero della pubblica istruzione 801 0$aIT$bUNIPARTHENOPE$c20090206$gRICA$2UNIMARC 912 $a000022678 951 $a911/1$b1200$cNAVA2 996 $aIntroduzione al piano di sviluppo della scuola$945549 997 $aUNIPARTHENOPE LEADER 01659oam 2200529 450 001 9910701201103321 005 20160218123011.0 035 $a(CKB)5470000002415031 035 $a(OCoLC)50473903 035 $a(OCoLC)995470000002415031 035 $a(EXLCZ)995470000002415031 100 $a20020823d2002 ua 0 101 0 $aeng 135 $aur||||||||||| 181 $ctxt$2rdacontent 182 $cc$2rdamedia 183 $acr$2rdacarrier 200 00$aAssault victimization 210 1$a[Washington, D.C.] :$cOffice for Victims of Crime,$d[2002] 215 $a1 online resource (2 unnumbered pages) 225 1 $aOVC help series 300 $aTitle from title screen (viewed August 23, 2002). 320 $aIncludes bibliographical references. 606 $aAssault and battery$zUnited States 606 $aVictims of violent crimes$xServices for$zUnited States 606 $aAssault and battery$2fast 606 $aVictims of violent crimes$xServices for$2fast 607 $aUnited States$2fast 615 0$aAssault and battery 615 0$aVictims of violent crimes$xServices for 615 7$aAssault and battery. 615 7$aVictims of violent crimes$xServices for. 712 02$aNational Center for Victims of Crime (U.S.) 712 02$aUnited States.$bOffice of Justice Programs.$bOffice for Victims of Crime, 801 0$bGPO 801 1$bGPO 801 2$bOCLCQ 801 2$bSYB 801 2$bGPO 801 2$bOCLCQ 801 2$bOCLCF 801 2$bOCLCQ 801 2$bGPO 906 $aBOOK 912 $a9910701201103321 996 $aAssault victimization$93152207 997 $aUNINA LEADER 02058oam 2200433Ia 450 001 9910696370003321 005 20080109133503.0 035 $a(CKB)5470000002377129 035 $a(OCoLC)189836110 035 $a(EXLCZ)995470000002377129 100 $a20080109d2004 ua 0 101 0 $aeng 115 $ab|||||z|||||||||uz 135 $aurcn||||||||| 181 $ctxt$2rdacontent 182 $cc$2rdamedia 183 $acr$2rdacarrier 200 10$aTime-series photographs of the sea floor in western Massachusetts Bay, May 1999 to September 1999, May 2000 to September 2000, and October 2001 to February 2002$b[electronic resource] /$fBradford Butman, P. Soupy Alexander, and Michael H. Bothner 210 1$aWoods Hole, MA :$cU.S. Dept. of the Interior, U.S. Geological Survey, Coastal and Marine Geology, Woods Hole Science Center,$d2004. 215 $a1 electronic text $cHTML, digital, PDF file 225 1 $aU.S. Geological Survey data series ;$v97 300 $aTitle from HTML title screen (viewed on Jan. 9, 2008). 300 $aAt head of title: Woods Hole Science Center. 320 $aIncludes bibliographical references. 330 $aObservations obtained to monitor sediment resuspension and transport in Bay. Part of pilot project to develop a mechanism to digitally view, archive, and distribute time series bottom photographs. 606 $aOcean bottom$zMassachusetts$zMassachusetts Bay$vPhotographs 615 0$aOcean bottom 700 $aButman$b Bradford$01381636 701 $aAlexander$b P. Soupy$g(Patricia Soupy)$01402489 701 $aBothner$b Michael H$01385909 712 02$aGeological Survey (U.S.) 712 02$aUSGS Science Center for Coastal and Marine Geology (Woods Hole, Mass.) 801 0$bGPO 801 1$bGPO 801 2$bGPO 906 $aBOOK 912 $a9910696370003321 996 $aTime-series photographs of the sea floor in western Massachusetts Bay, May 1999 to September 1999, May 2000 to September 2000, and October 2001 to February 2002$93473137 997 $aUNINA